000 00278nam a2200109Ia 4500
008 190216s9999||||xx |||||||||||||| ||und||
100 _aMadava Panikker
245 0 _aBhramandathinde Katha
260 _bKerala Sasthra Sahithya Parishad
650 _aEssay Malayalam
942 _cBK
999 _c25501
_d25501